LEADER 00920nam0-22003011i-450- 001 990007135170403321 005 20050725154253.0 035 $a000713517 035 $aFED01000713517 035 $a(Aleph)000713517FED01 035 $a000713517 100 $a20021021d--------km-y0itay50------ba 101 0 $aita 200 1 $a<>archivi del Comune$el'organizzazione dell'informazione nell'amministrazione locale$fa cura diMaria Paola Guerra. 210 $aBologna$cil Mulino$d1994 215 $a468 p.$d21 cm 225 1 $aOrganizzazione e funzionamento della pubblica amministrazione$v42 676 $a351.71$v12 rid.$zita 702 1$aGuerra,$bMaria Paola 801 0$aIT$bUNINA$gRICA$2UNIMARC 901 $aBK 912 $a990007135170403321 952 $aCN. 3 (42$b350$fDDCIC 952 $aVI I 734$b3962$fDDA 959 $aDDCIC 959 $aDDA 996 $aArchivi del Comune$9703436 997 $aUNINA LEADER 01130nam0-22003491i-450- 001 990006902610403321 005 20001010 010 $a88-7916-111-3 035 $a000690261 035 $aFED01000690261 035 $a(Aleph)000690261FED01 035 $a000690261 100 $a20001010d--------km-y0itay50------ba 101 0 $aita 105 $ay-------001yy 200 1 $aDue secoli al Duemila$etransizione - mutamento - sviluppo nell'Europa contemporanea$e1815-1998. Fonti edocumenti$fGiovanni Aliberti, Francesco Malgeri$gcon la collaborazione di Roberto Parrella e Lucia R. Petese. 210 $aMilano$cLED$d[1999] 215 $a592 p.$d24 cm 225 1 $aMateriali 610 0 $aStoria moderna e contemporanea - Europa - 1815-1998 676 $a940 700 1$aAliberti,$bGiovanni$f<1938- >$0133315 702 1$aMalgeri,$bFrancesco$f<1934- > 801 0$aIT$bUNINA$gRICA$2UNIMARC 901 $aBK 912 $a990006902610403321 952 $aXIV B 1736$b34730$fFSPBC 952 $aXIV B 1737$b35262$fFSPBC 959 $aFSPBC 996 $aDue secoli al Duemila$9629564 997 $aUNINA DB $aGEN01